Statistics for Find your way quiz - 7

Click here to take the quiz!

General Stats

  • This quiz has been taken 24 times
    (19 since last reset)
  • The average score is 11 of 20

Answer Stats

HintAnswer% Correct
3) Bronze, an alloy of 'Answer 2' and what?Copper
83%
4) Which country's name begins with the periodic symbol for 'Answer 3'?Cuba
83%
1) Swaziland is now called?Eswatini
83%
6) Taking in order the 1st, 3rd and 4th letters of 'Answer 5' as Roman Numerals the number is what in decimal?1011
75%
5) Travelling due West from the capital of 'Answer 4' You would reach which country first?Mexico
75%
2) An element within 'Answer 1' ?Tin
75%
7) If 'Answer 6' was a binary number what would that convert to in decimal ?11
67%
9) What is the capital city of 'Answer 8'?Manila
67%
8) Which Asian island nation's name has 'Answer 7' letters?Philippines
67%
13) The predominant colour of 'Answer 12' is?Brown
58%
11) Within 'Answer 10' is an animal's name, what is another name for that animal?Donkey
58%
10) Which USA State abbreviation is the first 2 letters of 'Answer 9'?Massachusetts
58%
12) What is the offspring of 'Answer 11' and a horse called?Mule
58%
14) In what country is the 'Answer 13' University?United States of America
58%
15) Not counting the countries that share a land border, what is the nearest country to 'Answer 14'?Russia
33%
16) Which South American country has a name beginning with the first 3 letters of 'Answer 15' reversed?Suriname
33%
17) The 1st, 4th, 6th and 7th letters of 'Answer 16' is the old name for which modern country?Thailand
33%
18) The capital of 'Answer 17' is?Bangkok
25%
19) What country's name begins with the first 4 letters of 'Answer 18'?Bangladesh
25%
20) What part of 'Answer 19' means a clearing in a forest or wood?Glade
25%

Score Distribution

Percentile by Number Answered

Percent of People with Each Score

Your Score History

You have not taken this quiz since the last reset